00543 2200169 4500001002100000008004100021035002000062245012700082100004500209260003500254300001300289020001800302084001400320082000800334650001200342990001900354INLIS000000000003536 ind  a0010-0824000035 aSejarah Nasional Indonesia 3bZaman Pertumbuhan dan Perkembangan Kerajaan Islam di IndonesiacMarwati Djoenet Poesponegoro aTIM Nasional Penulisan Sejarah Indonesia aJakarta :bBalai Pustakac2008 a422 hlm. a979-407-409-8 a959 TIM s a959 aSejarah aP29/CP/24/3535